Medallero de los Juegos Olímpicos - Ámsterdam 1928 - Estadísticas

Estadísticas generales
  • Esta prueba ha sido intentada 12 veces
  • La puntuación promedio es 9 de 10
Estadísticas de respuestas
Oro Plata Bronce Total País % Correcto
10 7 14 31 Alemania
100%
22 18 16 56 Estados Unidos
100%
3 10 7 20 Reino Unido
100%
4 4 7 15 Canadá
90%
6 10 5 21 Francia
90%
7 5 7 19 Italia
90%
6 9 4 19 Países Bajos
90%
7 6 12 25 Suecia
90%
8 8 9 25 Finlandia
80%
7 4 4 15 Suiza
80%
No se encontraron pruebas coincidentes
Distribución de puntuación
Porcentaje de gente con cada puntuación
Porcentaje por número respondido
Historial de tus puntuaciones
No has intentado esta prueba.